000 00336nam a22001457a 4500
008 230927b ||||| |||| 00| 0 eng d
020 _a9781594516467
041 _aeng
080 _a316
082 _a316CHA
100 _a24
101 _aSOCIO
245 _aTHE CHARLES LEMERT READER THE RACE OF TIME
_cCHAFFEE.D
942 _2udc
_cBK
999 _c60412
_d60412